Các quy định pháp luật hiện hành về thuế giá trị gia tăng, thuế tiêu thụ đặc biệt, thuế thu nhập doanh nghiệp và kế toán doanh nghiệp
Nội dung sách gồm các thông tư, quyết định, nghị định...của chính phủ, bộ Tài chính....về thuế giá trị gia tăng, thuế tiêu thụ đặc biệt, thuế thu nhập doanh nghiệp, và kế toán doanh nghiệp
Guardado en:
| Formato: | Libro |
|---|---|
| Lenguaje: | Undetermined |
| Publicado: |
Hà Nội
Lao động - Xã hội
2004
|
| Materias: | |
| Etiquetas: |
Agregar Etiqueta
Sin Etiquetas, Sea el primero en etiquetar este registro!
|
| Thư viện lưu trữ: | Trung tâm Học liệu Trường Đại học Cần Thơ |
|---|
| LEADER | 00965nam a2200193Ia 4500 | ||
|---|---|---|---|
| 001 | CTU_92472 | ||
| 008 | 210402s9999 xx 000 0 und d | ||
| 082 | |a 343.59704 | ||
| 082 | |b C101 | ||
| 245 | 0 | |a Các quy định pháp luật hiện hành về thuế giá trị gia tăng, thuế tiêu thụ đặc biệt, thuế thu nhập doanh nghiệp và kế toán doanh nghiệp | |
| 260 | |a Hà Nội | ||
| 260 | |b Lao động - Xã hội | ||
| 260 | |c 2004 | ||
| 520 | |a Nội dung sách gồm các thông tư, quyết định, nghị định...của chính phủ, bộ Tài chính....về thuế giá trị gia tăng, thuế tiêu thụ đặc biệt, thuế thu nhập doanh nghiệp, và kế toán doanh nghiệp | ||
| 650 | |a Corporations | ||
| 650 | |x Taxation,Accounting | ||
| 650 | |z Vietnam | ||
| 904 | |i Tuyến | ||
| 980 | |a Trung tâm Học liệu Trường Đại học Cần Thơ | ||